Statistics for Animals Beginning with 'M' - Pictures

Click here to take the quiz!

General Stats

  • This quiz has been taken 127 times
  • The average score is 14 of 20

Answer Stats

Answer% Correct
Mouse
94%
Meerkat
91%
Moose
90%
Moth
90%
Mosquito
85%
Mole
84%
Monkey
81%
Macaw
78%
Manatee
78%
Manta Ray
76%
Mallard
73%
Mule
73%
Millipede
65%
Mountain Lion
56%
Magpie
51%
Marlin
50%
Mandrill
48%
Muskox
44%
Mongoose
40%
Moorhen
17%

Score Distribution

Percentile by Number Answered

Percent of People with Each Score

Your Score History

You have not taken this quiz